000 00674nam a22002177a 4500
999 _c9191
_d9191
001 9191
003 BD-JhCC
005 20181006102631.0
008 180310b1965 bg |||| ||a| 000 0 ben d
035 _a(BD-JhCC) 9191
040 _aBD-JhCC
_dBD-JhCC
041 _aben
082 _a920.7
_bMAN 1965
100 _aমান্নান, হাকীম আবদুল
245 _aমাদারে মিল্লাত /
_c হাকীম আবদুল মান্নান
260 _aঢাকা :
_bলতিফ বুক করপরেশন,
_c১৯৬৫
300 _a134 p .:
_c22 cm .
650 _aBiography
942 _2ddc
_cBK